Responses for Show #5689 - Thursday, May 7, 2009

2009 College Championship quarterfinal game 4.

Contestants

[<< previous game]

Erica Greil, a junior from Princeton University

Anthony Dedousis, a sophomore from Harvard University

Larissa Charnsangavej, a senior from Rice University

[next game >>]

Jeopardy! Round responses

COLLEGE-PODGE
MUSICAL GENRES
PLACE NAME PARTNERS
STAR TREK
PSYCH!
"BACK" TO SCHOOL
    $200 9
Paris

Larissa
    $200 19
traditional jazz

Erica
    $200 3
Herzegovina

Larissa
    $200 25
Ursa

Anthony
    $200 16
a medical school degree

Anthony
    $200 1
bareback

Larissa
    $400 10
(Larissa: What is Oxford?)

Cambridge

LarissaAnthony
    $400 20
Rock

Larissa
    $400 5
Trinidad

Anthony
    $400 26
the dove

Anthony
    $400 17
(Larissa: Uh... what are... adaptations?)

genetics

Larissa
Triple Stumper
    $400 2
feedback

Erica
    $600 11
Transylvania University

Erica
    $600 21
blues

Anthony
    $600 6
St. Kitts

Erica
    $600 27
Sirius

Erica
    $600 18
psychoanalysis

Triple Stumper
    $600 4
backseat driving

Anthony
    $800 12
independent

Erica
    $800 22
techno

Erica
    $800 7
the Grenadines

Anthony
    $1,800 28
(Erica: What is the anaconda?)

the Hydra

Erica
    $800 24
free association

Triple Stumper
    $800 14
the humpback whale

Erica
    $1000 13
Sweet Briar College

Triple Stumper
    $1000 23
thrash

Erica
    $1000 8
Barbuda

Erica
    $1000 29
Andromeda

Larissa
    $1000 30
Gestalt

Erica
    $1000 15
the back door (or back room or back channel)

Larissa

Scores at the first commercial break (after clue 15):

Larissa Anthony Erica
$1,200 $2,200 $4,200

Scores at the end of the Jeopardy! Round:

Larissa Anthony Erica
$2,200 $3,600 $6,000

Double Jeopardy! Round responses

LITERATURE
MAD PROPS
PEAKS & VALLEYS
HEY THERE, DELILAH
THEY RULED!
ONLY ONE VOWEL
    $400 2
Oz

Larissa
    $400 1
300

Anthony
    $400 13
Pike's Peak

Erica
    $400 11
takes out hair

Larissa
    $400 21
Mao Tse-tung

Anthony
    $400 14
stretch

Erica
    $800 3
Tom Sawyer

Larissa
    $800 7
Jason Voorhees

Larissa
    $800 26
Vesuvius

Anthony
    $800 12
Philistines

Anthony
    $800 22
Ivan the Terrible

Larissa
    $800 15
Twelfth

Erica
    $1200 4
Jane Eyre

Anthony
    $1200 8
Iron Man

Larissa
    $1200 27
the Andes

Erica
    $1200 28
the mullet

Erica
    $1200 23
Franco

Anthony
    $1200 16
knight

Larissa
    $1600 5
Elizabeth (I)

Anthony
    $1600 9
Seth Rogen

Triple Stumper
    $1600 20
the Atlas Mountains

Erica
    $1600 29
split ends

Larissa
    $1600 24
Augustus (Caesar)

Anthony
    $1600 17
strength

Anthony
    $2000 6
(Pearl) Buck

Larissa
    $2000 10
(Larissa: What is Don't Mess with the [*]?)

Zohan

Larissa
    $2000 19
Fiji

Triple Stumper
    $2000 30
Judges

Triple Stumper
    $3,000 25
Hussein

Anthony
    $2,600 18
(Anthony: What is honey?)

myrrh

Anthony

Scores at the end of the Double Jeopardy! Round:

Larissa Anthony Erica
$13,400 $13,600 $11,600

Final Jeopardy! Round responses

B.C. THINKERS
(Alex: His real name was Aristocles, but we know him much better by this nickname.)
EricaWho was Plato? Demosthenes?
$10,047
LarissaWho is Plato?
$1,000
AnthonyWho was Socrates?
$5,401
Plato

Final scores:

Larissa Anthony Erica
$14,400 $8,199 $21,647
2nd place: $5,000 if eliminated 3rd place: $5,000 if eliminated Automatic semifinalist

Game dynamics:

Coryat scores:

Larissa Anthony Erica
$13,400 $15,200 $13,400
16 R,
2 W
18 R
(including 1 DD),
1 W
(including 1 DD)
17 R,
1 W
(including 1 DD)

Combined Coryat: $42,000

[game clues] [game scores] [suggest correction]

Game tape date: 2009-04-14
The J! Archive is created by fans, for fans. Scraping, republication, monetization, and malicious use prohibited; this site may use cookies and collect identifying information. See terms. The Jeopardy! game show and all elements thereof, including but not limited to copyright and trademark thereto, are the property of Jeopardy Productions, Inc. and are protected under law. This website is not affiliated with, sponsored by, or operated by Jeopardy Productions, Inc. Join the discussion at JBoard.tv.